Zahranično-obchodná činnosť v oblasti odpadu

Dovozy a vývozy odpadov vykonávané v súlade s Bazilejským dohovorom. Posledné údaje o dovoze, vývoze a tranzite odpadov - z roku 1999 (Ministerstvo životného prostredia SR). Prehľad množstiev dovážaných odpadov a vyvážaných nebezpečných odpadov v tonách podľa jednotlivých krajín v roku 1999. Príspev...

Descrizione completa

Salvato in:
Dettagli Bibliografici
Autore principale: Dendiš, Ľubomír
Natura: Capitolo di libro
Lingua:slovacco
Soggetti:
Tags: Aggiungi Tag
Nessun Tag, puoi essere il primo ad aggiungerne!!

MARC

LEADER 00000naa$a2200000$$$4500
001 0008544
005 20221104095530.7
041 0 |a slo 
044 |a SK 
245 1 0 |a Zahranično-obchodná činnosť v oblasti odpadu  |c aut. Ľubomír Dendiš 
520 |a Dovozy a vývozy odpadov vykonávané v súlade s Bazilejským dohovorom. Posledné údaje o dovoze, vývoze a tranzite odpadov - z roku 1999 (Ministerstvo životného prostredia SR). Prehľad množstiev dovážaných odpadov a vyvážaných nebezpečných odpadov v tonách podľa jednotlivých krajín v roku 1999. Príspevok z riešenia Projektu VEGA č. 1/7243/20 (58). 
610 2 0 |a hospodárstvo odpadové 
610 2 0 |a odpad 
610 2 0 |a dovoz 
610 2 0 |a vývoz 
610 2 0 |a Slovensko 
610 2 0 |a styk zahraničnoobchodný 
610 2 0 |a projekty 
100 1 |a Dendiš, Ľubomír